000 00840nam a2200229 i 4500
001 39772
003 ES-MaACL
005 20230912063106.0
007 t|
008 030304m18331834sp d |||| | spa d
080 _a336.1(460)(038)
100 1 _aCanga Argüelles, José,
_d1770-1842
_9153831
245 1 0 _aDiccionario de hacienda, con aplicación a España /
_cpor José Canga Argüelles.
250 _a2ª ed.
260 _aMadrid :
_b[s.n.],
_c1833-1834 (
_fMarcelino Calero y Portocarrero)
300 _a2 v. (651, X p. ; 736, XX p.) ;
_c30 cm.
530 _aDisponible en formato digital.
650 0 4 _aHacienda pública-
_zEspaña.
_913281
852 _aES-MaACL
_jR-2079-80. Olim: B-412-413.
856 _uhttp://bdh-rd.bne.es/viewer.vm?id=0000040658&page=1
_zBiblioteca Digital Hispánica
999 _c39772
_d39772